| Tag |
First Indicator |
Second Indicator |
Subfields |
| LEADER |
00000nam a2200000 i 4500 |
| 001 |
in00004593913 |
| 006 |
m o d f |
| 007 |
cr ||||||||||| |
| 008 |
220812s2022 dcua ob f000 0 eng d |
| 005 |
20220909153440.7 |
| 024 |
8 |
|
|a 48-160
|q (GPO jacket number)
|
| 035 |
|
|
|a (OCoLC)on1340914916
|
| 040 |
|
|
|a GPO
|b eng
|e rda
|e pn
|c GPO
|d GPO
|d MvI
|
| 043 |
|
|
|a n-us---
|
| 049 |
|
|
|a WWW
|
| 074 |
|
|
|a 1035-E (online)
|
| 086 |
0 |
|
|a Y 4.B 22/3:S.HRG.117-319
|
| 110 |
1 |
|
|a United States.
|b Congress.
|b Senate.
|b Committee on Banking, Housing, and Urban Affairs,
|e author.
|
| 245 |
1 |
0 |
|a Nominations of Todd M. Harper, Judith Delzoppo Pryor, and Owen Edward Herrnstadt :
|b hearing before the Committee on Banking, Housing, and Urban Affairs, United States Senate, One Hundred Seventeenth Congress, first session on nominations of Todd M. Harper, of Virginia, to be Chair of the National Credit Union Administration; Judith Delzoppo Pryor, of Ohio, to be first Vice President of the Export-Import Bank of the United States; Owen Edward Herrnstadt, of Maryland, to be a member of the Board of Directors of the Export-Import Bank of the United States, September 30, 2021.
|
| 264 |
|
1 |
|a Washington :
|b U.S. Government Publishing Office,
|c 2022.
|
| 300 |
|
|
|a 1 online resource (iii, 135 pages).
|
| 336 |
|
|
|a text
|b txt
|2 rdacontent
|
| 337 |
|
|
|a computer
|b c
|2 rdamedia
|
| 338 |
|
|
|a online resource
|b cr
|2 rdacarrier
|
| 490 |
1 |
|
|a S. hrg. ;
|v 117-319
|
| 504 |
|
|
|a Includes bibliographical references.
|
| 500 |
|
|
|a GPO Cataloging Record Distribution Program (CRDP).
|
| 588 |
|
|
|a Description based on online resource; title from PDF title page (GovInfo, viewed Aug. 12, 2022).
|
| 518 |
|
|
|a Date of hearing: 2021-09-30.
|
| 600 |
1 |
0 |
|a Harper, Todd,
|d 1967-
|
| 600 |
1 |
0 |
|a Pryor, Judith DelZoppo,
|d 1963-
|
| 600 |
1 |
0 |
|a Herrnstadt, Owen Edward.
|
| 610 |
1 |
0 |
|a United States.
|b National Credit Union Administration
|x Officials and employees
|x Selection and appointment.
|
| 610 |
2 |
0 |
|a Export-Import Bank of the United States
|x Officials and employees
|x Selection and appointment.
|
| 655 |
|
7 |
|a Legislative hearings.
|2 lcgft
|
| 776 |
0 |
8 |
|i Print version:
|a United States. Congress. Senate. Committee on Banking, Housing, and Urban Affairs.
|t Nominations of Todd M. Harper, Judith Delzoppo Pryor, and Owen Edward Herrnstadt
|w (OCoLC)1341044746
|
| 810 |
1 |
|
|a United States.
|b Congress.
|b Senate.
|t S. hrg. ;
|v 117-319.
|
| 856 |
4 |
0 |
|u https://purl.fdlp.gov/GPO/gpo185541
|t 0
|
| 999 |
f |
f |
|s 12784bfc-b258-442d-a8eb-0aefbe2b0ec4
|i 6643588c-7741-4d20-9caf-ba9d03aa0038
|t 0
|
| 952 |
f |
f |
|a Texas A&M University
|b College Station
|c Electronic Resources
|d Available Online
|t 0
|e Y 4.B 22/3:S.HRG.117-319
|h Superintendent of Documents classification
|
| 998 |
f |
f |
|a Y 4.B 22/3:S.HRG.117-319
|t 0
|l Available Online
|